00656cam a22002411 4500001001300000003000400013005001700017008004100034010001700075025001800092035002000110040001900130042001200149050001500161100002700176245004500203260002100248300001800269500001700287504004900304651004400353999001700397sa 66000670 DLC20260227112216.0850306s1965 pk b 000 0 eng  asa 66000670  aPL480:P-E-850 a(OCoLC)11769245 aDLCcCSdSdDLC apremarc00aHC499b.B71 aBrelvi, Mahmud,d1908-10aEconomic conditions in the Muslim world. a[Karachi,c1965] a70 p.c19 cm. aCover title. a"Literary works of Mahmud Brelvi": p. 69-70. 0aIslamic countriesxEconomic conditions. c67380d67380